Handbook of psychodiagnostic testing : analysis of personality in the psychological report /

Bibliographic Details
Main Author: Kellerman, Henry
Corporate Author: SpringerLink (Online service)
Other Authors: Burry, Anthony
Format: eBook
Language:English
Published: New York, NY : Springer, [2007]
Edition:4th ed.
Subjects:
Online Access:Connect to the full text of this electronic book

MARC

Tag First Indicator Second Indicator Subfields
LEADER 00000cam a2200000Ia 4500
001 in00002382221
005 20210810090340.0
006 m d
007 cr cn|||||||||
008 080128s2007 nyu sb 001 0 eng d
020 |a 0387713700 
020 |a 9780387713700 
035 |a (OCoLC)191450223 
035 |a (OCoLC)ocn191450223 
037 |a 978-0-387-71369-4  |b Springer  |n http://www.springerlink.com 
040 |a GW5XE  |c GW5XE  |d UtOrBLW 
049 |a TEFA 
050 1 4 |a RC469  |b .K44 2007eb 
060 1 4 |a 2007 J-965 
060 1 4 |a WM 145  |b K29h 2007 
082 0 4 |a 616.89/075  |2 22 
100 1 |a Kellerman, Henry.  |0 http://id.loc.gov/authorities/names/n79036711 
245 1 0 |a Handbook of psychodiagnostic testing :  |b analysis of personality in the psychological report /  |c Henry Kellerman, Anthony Burry. 
250 |a 4th ed. 
264 1 |a New York, NY :  |b Springer,  |c [2007] 
264 4 |c ©2007 
300 |a xvii, 201 pages ;  |c 24 cm. 
336 |a text  |b txt  |2 rdacontent 
337 |a computer  |b c  |2 rdamedia 
338 |a online resource  |b cr  |2 rdacarrier 
500 |a Electronic resource. 
504 |a Includes bibliographical references (pages 194-196) and index. 
505 0 |a The referral -- Sections of the psychodiagnostic report -- The clinical interview -- Reality testing and cognitive functioning: psychosis -- Reality testing and cognitive functioning: personality disorders and neuroses -- Intellectual functioning: the I.Q. analysis -- Intellectual functioning: subtest and scatter analysis -- The nature of anxiety -- Impulse versus control: the vicissitudes of impulse -- Impulse versus control: the nature of control mechanisms -- Defensive structure -- Interpersonal behavior: identity -- Interpersonal behavior: character diagnosis -- Diagnosis and prognosis: diagnostic principles -- Diagnosis and prognosis: diagnostic nosology -- Intelligence test reports for counselors, teachers, and parents and testing of preschoolers -- CODA: overcoming impasses in report writing. 
533 |a Electronic reproduction.  |b New York :  |c Springer,  |d 2008.  |n Mode of access: World Wide Web.  |n System requirements: Web browser.  |n Title from title screen (viewed on Jan. 22, 2008).  |n Access may be restricted to users at subscribing institutions. 
650 1 2 |a Psychological Tests.  |0 https://id.nlm.nih.gov/mesh/D011581 
650 2 2 |a Intelligence Tests.  |0 https://id.nlm.nih.gov/mesh/D007361 
650 2 2 |a Medical Records.  |0 https://id.nlm.nih.gov/mesh/D008499 
650 2 2 |a Personality Assessment.  |0 https://id.nlm.nih.gov/mesh/D010552 
650 2 2 |a Writing.  |0 https://id.nlm.nih.gov/mesh/D014956 
650 0 |a Personality assessment.  |0 http://id.loc.gov/authorities/subjects/sh85100129 
650 0 |a Psychodiagnostics.  |0 http://id.loc.gov/authorities/subjects/sh85108427 
650 0 |a Report writing.  |0 http://id.loc.gov/authorities/subjects/sh85112926 
655 7 |a Electronic books.  |2 local 
700 1 |a Burry, Anthony.  |0 http://id.loc.gov/authorities/names/n81085024 
710 2 |a SpringerLink (Online service)  |0 http://id.loc.gov/authorities/names/no2005046756 
776 1 |c Original  |z 9780387713694  |z 0387713697  |z 9780387713700  |z 0387713700  |w (DLC) 2007927171  |w (OCoLC)141380101 
856 4 0 |u http://proxy.library.tamu.edu/login?url=https://dx.doi.org/10.1007/978-0-387-71370-0  |z Connect to the full text of this electronic book  |t 0 
994 |a C0  |b TEF 
999 |a MARS 
999 f f |s 6d0aba89-860e-383b-9351-99bb851ac6e9  |i 62fa3c48-d1f2-3649-b244-b8e5455c4c0a  |t 0 
952 f f |a Texas A&M University  |b College Station  |c Electronic Resources  |d Available Online  |t 0  |e RC469 .K44 2007eb  |h Library of Congress classification 
998 f f |a RC469 .K44 2007eb  |t 0  |l Available Online